Formule 1 - Champions constructeurs - Statistiques

Statistiques générales
  • Ce quiz a été pris 180 fois
    131 depuis la dernière actualisation
  • Le résultat moyen est 58 sur 68
Statistiques - réponses
Année Réponse % Correct
2014 Mercedes AMG
100%
2015 Mercedes AMG
100%
2016 Mercedes AMG
100%
2017 Mercedes AMG
100%
2018 Mercedes AMG
100%
2019 Mercedes AMG
100%
2020 Mercedes AMG
100%
2021 Mercedes AMG
100%
2010 Red Bull Racing
99%
2011 Red Bull Racing
99%
2012 Red Bull Racing
99%
2013 Red Bull Racing
99%
2022 Red Bull Racing
99%
2023 Red Bull Racing
99%
1974 McLaren
98%
1984 McLaren
98%
1985 McLaren
98%
1988 McLaren
98%
1989 McLaren
98%
1990 McLaren
98%
1991 McLaren
98%
1998 McLaren
98%
2024 McLaren
98%
2025 McLaren
98%
1961 Scuderia Ferrari
98%
1964 Scuderia Ferrari
98%
1975 Scuderia Ferrari
98%
1976 Scuderia Ferrari
98%
1977 Scuderia Ferrari
98%
1979 Scuderia Ferrari
98%
1982 Scuderia Ferrari
98%
1983 Scuderia Ferrari
98%
1999 Scuderia Ferrari
98%
2000 Scuderia Ferrari
98%
2001 Scuderia Ferrari
98%
2002 Scuderia Ferrari
98%
2003 Scuderia Ferrari
98%
2004 Scuderia Ferrari
98%
2007 Scuderia Ferrari
98%
2008 Scuderia Ferrari
98%
2005 Renault
94%
2006 Renault
94%
1980 Williams
85%
1981 Williams
85%
1986 Williams
85%
1987 Williams
85%
1992 Williams
85%
1993 Williams
85%
1994 Williams
85%
1996 Williams
85%
1997 Williams
85%
2009 Brawn GP
70%
1995 Benetton
68%
1963 Lotus
64%
1965 Lotus
64%
1968 Lotus
64%
1970 Lotus
64%
1972 Lotus
64%
1973 Lotus
64%
1978 Lotus
64%
1966 Brabham
53%
1967 Brabham
53%
1971 Tyrrell
38%
1962 BRM
31%
1958 Vanwall
29%
1969 Matra
28%
1959 Cooper
27%
1960 Cooper
27%
Aucun quiz correspondant
Distribution des résultats
% des personnes avec chaque résultat
Percentile par nombre de réponses
Votre historique - résultats
Vous n’avez pas pris ce quiz depuis la dernière actualisation